[Event "II C.to Italiano Serie Nazionali a squadre"]
[Site "Arvier ITA"]
[Date "2008.05.03"]
[Round "4"]
[White "Bruno, Fabio"]
[Black "Fontana, Enrico"]
[Result "1/2-1/2"]
[WhiteElo "2450"]
[BlackElo "2118"]
[PlyCount "72"]
[EventDate "2008.05.02"]

1. Nf3 d5 2. d4 Nf6 3. e3 Bf5 4. c4 c6 5. Nc3 e6 6. Nh4 Bg6 7. Be2 Nbd7 8. g3
Be7 9. Nxg6 hxg6 10. O-O O-O 11. Qc2 dxc4 12. Bxc4 Rc8 13. Rd1 Qa5 14. Bf1 c5
15. d5 exd5 16. Nxd5 Nxd5 17. Rxd5 Nf6 18. Rd1 c4 19. Bd2 Qf5 20. Rdc1 Ne4 21.
Be1 b5 22. a4 a6 23. axb5 axb5 24. Ra5 Rfd8 25. Bg2 Rd3 26. b3 Nc5 27. Rxb5
cxb3 28. Qb1 Qd7 29. Rb4 Rd8 30. Bf3 Qe6 31. Be2 R3d7 32. Bc3 Nd3 33. Bxd3 Bxb4
34. Bd4 Rxd4 35. exd4 Rxd4 36. Rd1 Qd5 1/2-1/2

[Event "II C.to Italiano Serie Nazionali a squadre"]
[Site "Arvier ITA"]
[Date "2008.05.03"]
[Round "4"]
[White "Cappai, Davide"]
[Black "Trevisan, Luigi"]
[Result "1-0"]
[WhiteElo "2100"]
[BlackElo "2162"]
[PlyCount "95"]
[EventDate "2008.05.02"]

1. e4 e5 2. Nf3 Nc6 3. Bc4 Bc5 4. c3 Nf6 5. d3 d6 6. h3 Be6 7. Bb3 Bb6 8. Nbd2
Qd7 9. Nc4 h6 10. a4 O-O 11. Bc2 Bxc4 12. dxc4 a5 13. b3 Ne7 14. Ba3 Qe6 15.
Qe2 Ng6 16. g3 Rfe8 17. Kf1 Nd7 18. Re1 Qf6 19. h4 Ngf8 20. Kg2 Ne6 21. Bc1 Bc5
22. Nh2 h5 23. Nf1 Qg6 24. Kh2 Nf6 25. f3 Nd7 26. Ne3 Bxe3 27. Bxe3 Ndc5 28.
Rd1 Qf6 29. Kg2 Nd7 30. Qf2 g6 31. Qd2 Ndc5 32. Qf2 b6 33. Rd5 Kg7 34. Rhd1 Rh8
35. Qd2 Rhe8 36. Rf1 Kg8 37. Qd1 Kg7 38. b4 Nb7 39. Qd2 Kg8 40. Qf2 Kg7 41. f4
exf4 42. gxf4 Qxc3 43. f5 Qf6 44. Qg3 Qb2 45. Rf2 Qxb4 46. Bd2 Qxc4 47. Bc3+ f6
48. Qxg6+ 1-0

[Event "II C.to Italiano Serie Nazionali a squadre"]
[Site "Arvier ITA"]
[Date "2008.05.03"]
[Round "4"]
[White "Di Primio, Eugenia"]
[Black "Antonini, Luigi"]
[Result "1/2-1/2"]
[WhiteElo "1992"]
[BlackElo "2003"]
[PlyCount "72"]
[EventDate "2008.05.02"]

1. e4 e5 2. Nf3 Nc6 3. d4 exd4 4. Nxd4 Nf6 5. Nxc6 bxc6 6. Bd3 d5 7. e5 Ne4 8.
Bxe4 dxe4 9. Qxd8+ Kxd8 10. O-O Bf5 11. Nc3 Bb4 12. Bg5+ Ke8 13. Ne2 h6 14. Be3
a6 15. Rad1 Bg4 16. f3 exf3 17. gxf3 Bh3 18. Rf2 Rd8 19. Rxd8+ Kxd8 20. c3 Be7
21. Nd4 Bd7 22. Rd2 Kc8 23. f4 Bc5 24. Kf2 Bxd4 25. Bxd4 Rd8 26. Bc5 g6 27. a3
Be6 28. Rxd8+ Kxd8 29. h4 h5 30. Ke3 Kd7 31. Kd4 Bh3 32. Bf8 Kc8 33. Kc5 Kb7 34.
Be7 Bg4 35. Kc4 Be6+ 36. Kc5 Bg4 1/2-1/2

[Event "II C.to Italiano Serie Nazionali a squadre"]
[Site "Arvier ITA"]
[Date "2008.05.03"]
[Round "4"]
[White "Digiugno, Franco"]
[Black "Sorcinelli, Francesco"]
[Result "0-1"]
[WhiteElo "2083"]
[BlackElo "2078"]
[PlyCount "52"]
[EventDate "2008.05.02"]

1. Nf3 d6 2. g3 f5 3. Bg2 Nf6 4. O-O g6 5. c4 Bg7 6. Nc3 O-O 7. Qc2 e5 8. d3
Nc6 9. a3 h6 10. Rb1 Ne7 11. b4 g5 12. Bb2 Bd7 13. Rfc1 Qe8 14. b5 Qh5 15. Nd2
f4 16. Nf1 Bh3 17. c5 Bxg2 18. Kxg2 g4 19. Nd1 f3+ 20. Kg1 Qh3 21. Nde3 Nf5 22.
Qd1 Nd4 23. exf3 gxf3 24. Rc4 Ng4 25. Qa4 Ne2+ 26. Kh1 Nxf2# 0-1

[Event "II C.to Italiano Serie Nazionali a squadre"]
[Site "Arvier ITA"]
[Date "2008.05.03"]
[Round "4"]
[White "Favoni, Matteo"]
[Black "Pagan, Nicolo'"]
[Result "1-0"]
[WhiteElo "1912"]
[BlackElo "1673"]
[PlyCount "101"]
[EventDate "2008.05.02"]

1. d4 Nf6 2. c4 e6 3. Nf3 Bb4+ 4. Bd2 Bxd2+ 5. Nbxd2 d5 6. e3 O-O 7. Bd3 Nc6 8.
Rc1 Re8 9. cxd5 exd5 10. O-O a6 11. a3 Ne4 12. b4 Re6 13. Qc2 f5 14. Nb3 Qf6
15. Ne5 g6 16. f3 Ng5 17. Nc5 Rd6 18. Nxc6 Rxc6 19. Qb3 Rd6 20. Bb1 c6 21. f4
Nf7 22. Nd3 Kh8 23. Ne5 Be6 24. a4 Qd8 25. b5 axb5 26. axb5 Qb6 27. Bd3 Rdd8
28. Nxf7+ Bxf7 29. Rc5 Re8 30. Kf2 Qd8 31. g3 g5 32. Bxf5 gxf4 33. exf4 Qf6 34.
Qd3 Ra2+ 35. Kf3 Rae2 36. g4 Rxh2 37. g5 Rh3+ 38. Bxh3 Bh5+ 39. Bg4 Bxg4+ 40.
Kxg4 Qe7 41. bxc6 bxc6 42. f5 Qd6 43. Rf4 h5+ 44. Kf3 Rg8 45. f6 Qe6 46. f7
Qh3+ 47. Ke2 Qg2+ 48. Rf2 Qg4+ 49. Qf3 Qe6+ 50. Kd2 Rf8 51. Qf6+ 1-0

[Event "II C.to Italiano Serie Nazionali a squadre"]
[Site "Arvier ITA"]
[Date "2008.05.03"]
[Round "4"]
[White "Gallucci, Alessio"]
[Black "Mattavelli, Italo"]
[Result "1-0"]
[WhiteElo "2175"]
[BlackElo "1790"]
[PlyCount "40"]
[EventDate "2008.05.02"]

1. e4 c5 2. Nf3 d6 3. d4 cxd4 4. Nxd4 Nf6 5. f3 Nc6 6. c4 Qb6 7. Nc2 g6 8. Nc3
Bg7 9. Rb1 Bd7 10. Be3 Qc7 11. Qd2 h5 12. Be2 h4 13. O-O Ne5 14. b3 a6 15. Nb4
Rc8 16. Nbd5 Nxd5 17. Nxd5 Qc6 18. Bd4 Be6 19. f4 Bxd5 20. exd5 Qd7 1-0

[Event "II C.to Italiano Serie Nazionali a squadre"]
[Site "Arvier ITA"]
[Date "2008.05.03"]
[Round "4"]
[White "Lantini, Marco"]
[Black "Buchicchio, Giampaolo"]
[Result "1-0"]
[WhiteElo "2244"]
[BlackElo "2287"]
[PlyCount "33"]
[EventDate "2008.05.02"]

1. d4 d5 2. c4 c6 3. Nf3 Nf6 4. Qc2 Nbd7 5. g3 dxc4 6. Qxc4 e5 7. dxe5 Nxe5 8.
Nxe5 Qa5+ 9. Nc3 Qxe5 10. Bg2 Be7 11. Bxc6+ Kf8 12. Bg2 h5 13. Bf4 Qf5 14. Nd5
Nxd5 15. Qxd5 Bb4+ 16. Bd2 Qxd5 17. Bxb4+ 1-0

[Event "II C.to Italiano Serie Nazionali a squadre"]
[Site "Arvier ITA"]
[Date "2008.05.03"]
[Round "4"]
[White "Lucchese, Paolo"]
[Black "Gallana, Marco"]
[Result "0-1"]
[WhiteElo "1994"]
[BlackElo "1960"]
[PlyCount "68"]
[EventDate "2008.05.02"]

1. e4 c6 2. d4 d5 3. Nc3 dxe4 4. Nxe4 Bf5 5. Ng3 Bg6 6. Nf3 Nd7 7. h4 h6 8. h5
Bh7 9. Bd3 Bxd3 10. Qxd3 Ngf6 11. Bf4 Qa5+ 12. Bd2 Qc7 13. Rh4 e6 14. Bf4 Bd6
15. Bxd6 Qxd6 16. O-O-O O-O-O 17. c4 c5 18. Qa3 Qb6 19. d5 exd5 20. cxd5 Rhe8
21. Rc4 Kb8 22. Rd3 Qb5 23. Qc3 Qa6 24. Qc2 Nb6 25. Rxc5 Nbxd5 26. Ra3 Qb6 27.
Rb3 Nb4 28. Qc4 Nd3+ 29. Rxd3 Rxd3 30. b4 Qd8 31. Kb2 Rd5 32. Qf4+ Qd6 33.
Qxd6+ Rxd6 34. Rc2 Rd5 0-1

[Event "II C.to Italiano Serie Nazionali a squadre"]
[Site "Arvier ITA"]
[Date "2008.05.03"]
[Round "4"]
[White "Luciani, Carlo"]
[Black "Corvi, Marco"]
[Result "0-1"]
[WhiteElo "2256"]
[BlackElo "2347"]
[PlyCount "57"]
[EventDate "2008.05.02"]

1. e4 Nf6 2. e5 Nd5 3. d4 d6 4. Bc4 Nb6 5. Bb3 dxe5 6. Qh5 e6 7. dxe5 a5 8. a4
Na6 9. Nf3 g6 10. Qg4 h5 11. Qh3 Nc5 12. O-O Nxb3 13. Bg5 Be7 14. Bxe7 Qxe7 15.
cxb3 Bd7 16. Nc3 Nd5 17. Nd2 Bc6 18. Nce4 Rd8 19. Nc4 Nf4 20. Qe3 Nd5 21. Qc1
Qh4 22. f4 g5 23. Nxa5 Nxf4 24. Nf6+ Kf8 25. Rxf4 Qxf4 26. Qc5+ Kg7 27. Nxc6
bxc6 28. Qe7 Qd4+ 29. Kh1 0-1

[Event "II C.to Italiano Serie Nazionali a squadre"]
[Site "Arvier ITA"]
[Date "2008.05.03"]
[Round "4"]
[White "Massironi, Marco"]
[Black "Antonelli, Fabrizio"]
[Result "1-0"]
[WhiteElo "2120"]
[BlackElo "2035"]
[PlyCount "63"]
[EventDate "2008.05.02"]

1. e4 e5 2. Nf3 Nc6 3. Bb5 a6 4. Ba4 Nf6 5. O-O Be7 6. Re1 b5 7. Bb3 d6 8. c3
Na5 9. Bc2 c5 10. h3 O-O 11. d4 Qc7 12. Nbd2 Bd7 13. Nf1 cxd4 14. cxd4 Rac8 15.
Ne3 Rfe8 16. Bd2 Bf8 17. Rc1 Qb6 18. dxe5 dxe5 19. Bc3 Bc6 20. Nd5 Bxd5 21.
exd5 Rcd8 22. Nxe5 Rxd5 23. Qf3 b4 24. Ng4 Rxe1+ 25. Rxe1 Nxg4 26. hxg4 Rd8 27.
Be5 g6 28. Bf6 Rc8 29. Be4 Nc4 30. Bd5 Nd6 31. Be5 Qa7 32. Qf6 1-0

[Event "II C.to Italiano Serie Nazionali a squadre"]
[Site "Arvier ITA"]
[Date "2008.05.03"]
[Round "4"]
[White "Pagan, Andrea"]
[Black "Caldi, Mario"]
[Result "1/2-1/2"]
[WhiteElo "1908"]
[BlackElo "1814"]
[PlyCount "69"]
[EventDate "2008.05.02"]

1. e4 e6 2. d4 d5 3. Nd2 dxe4 4. Nxe4 Be7 5. Nf3 Bd7 6. Bd3 Bc6 7. O-O Nf6 8.
Nxf6+ Bxf6 9. c3 Nd7 10. Re1 O-O 11. Bf4 Nb6 12. Ne5 Bxe5 13. Rxe5 f6 14. Rh5
f5 15. Rh3 Qd5 16. Rg3 Rf7 17. Qh5 Nd7 18. Qe2 Nf8 19. Bc4 Qd7 20. Re1 Bd5 21.
h4 Ng6 22. Bg5 f4 23. Rh3 f3 24. gxf3 Raf8 25. Bxd5 exd5 26. Kg2 h6 27. Be3 Re7
28. Qd2 Ref7 29. h5 Nf4+ 30. Bxf4 Rxf4 31. Re5 Qf7 32. Qe2 c6 33. Re7 Qf6 34.
Qe6+ Qxe6 35. Rxe6 1/2-1/2

[Event "II C.to Italiano Serie Nazionali a squadre"]
[Site "Arvier ITA"]
[Date "2008.05.03"]
[Round "4"]
[White "Sbarra, Marco"]
[Black "Quinto, Gianni"]
[Result "0-1"]
[WhiteElo "2243"]
[BlackElo "2210"]
[PlyCount "78"]
[EventDate "2008.05.02"]

1. d4 Nf6 2. c4 c5 3. d5 e6 4. Nc3 exd5 5. cxd5 d6 6. Nf3 g6 7. Bf4 a6 8. e4
Bg7 9. e5 dxe5 10. Bxe5 O-O 11. Be2 b5 12. O-O Bb7 13. d6 Nbd7 14. Bf4 Re8 15.
Qd2 b4 16. Na4 Ne4 17. Qc2 Qf6 18. Be3 Rac8 19. Rfd1 Rc6 20. Bc4 Rxd6 21. Qb3
h6 22. a3 a5 23. Bb5 Rd8 24. Rxd6 Nxd6 25. Bxd7 c4 26. Qc2 Bxf3 27. Bh3 Bc6 28.
Bb6 Re8 29. axb4 axb4 30. Bc5 b3 31. Qd2 Ne4 32. Qb4 Ra8 33. Ba7 Bxa4 34. Qxa4
Qxb2 35. Re1 Qd2 36. Rf1 Bd4 37. Qc6 Rxa7 38. Qxe4 b2 39. Bg4 Qxf2+ 0-1

[Event "II C.to Italiano Serie Nazionali a squadre"]
[Site "Arvier ITA"]
[Date "2008.05.03"]
[Round "4"]
[White "Shytaj, Carlo"]
[Black "Zoldan, Matteo"]
[Result "1-0"]
[WhiteElo "2212"]
[BlackElo "2208"]
[PlyCount "83"]
[EventDate "2008.05.02"]

1. e4 d6 2. d4 Nf6 3. Nc3 g6 4. Be3 c6 5. f3 Nbd7 6. Qd2 b5 7. g4 Nb6 8. b3 h5
9. g5 Nfd7 10. f4 Bg7 11. Bg2 Bb7 12. Nge2 b4 13. Nd1 c5 14. O-O Qc7 15. a3 a5
16. f5 gxf5 17. Rxf5 Rg8 18. axb4 axb4 19. Rxa8+ Bxa8 20. c3 bxc3 21. Ndxc3
cxd4 22. Nxd4 Qc8 23. Rb5 Qa6 24. Bf1 Qc8 25. Nd5 Nxd5 26. exd5 Nc5 27. Bg2 Be5
28. Nc6 Nd7 29. Qb4 Kf8 30. Qh4 e6 31. Qxh5 Rg7 32. Qh8+ Rg8 33. Qh6+ Bg7 34.
Qh3 Bxc6 35. dxc6 Ne5 36. Ba7 Nxc6 37. Bxc6 Qxc6 38. Rb8+ Ke7 39. Rxg8 Qc1+ 40.
Kg2 Qxg5+ 41. Kh1 Qc1+ 42. Bg1 1-0

[Event "II C.to Italiano Serie Nazionali a squadre"]
[Site "Arvier ITA"]
[Date "2008.05.03"]
[Round "4"]
[White "Turrin, Osvaldo"]
[Black "Rebeggiani, Andrea"]
[Result "1/2-1/2"]
[WhiteElo "1997"]
[BlackElo "1978"]
[PlyCount "102"]
[EventDate "2008.05.02"]

1. d4 g6 2. Nf3 Bg7 3. c4 Nf6 4. Nc3 d6 5. Bg5 h6 6. Bh4 Nbd7 7. e3 c6 8. Be2
O-O 9. Qc2 a6 10. a4 Qa5 11. O-O Qc7 12. h3 e5 13. Rfd1 Re8 14. Bg3 Nh5 15. Bh2
Kh7 16. Nxe5 dxe5 17. Bxh5 f5 18. Bf3 Qa5 19. d5 Qc5 20. Be2 e4 21. dxc6 Qxc6
22. Rd6 Qc5 23. Rad1 Ne5 24. b3 Nc6 25. R6d5 Qe7 26. Bd6 Qf6 27. Na2 Be6 28.
R5d2 a5 29. Ba3 Rad8 30. Bc5 Rxd2 31. Rxd2 Rd8 32. Rxd8 Qxd8 33. Nc3 b6 34. Ba3
Ne5 35. Bf1 h5 36. Bb2 Qg5 37. Kh1 Qe7 38. Nd5 Qb7 39. Nf4 Bf7 40. h4 Qe7 41.
g3 g5 42. Ng2 Bg6 43. Qc3 Nd3 44. Qxg7+ Qxg7 45. Bxg7 Kxg7 46. hxg5 Nxf2+ 47.
Kh2 Nd3 48. Nf4 Nc1 49. Nd5 Nxb3 50. Nxb6 Bf7 51. Kh3 Kg6 1/2-1/2

[Event "II C.to Italiano Serie Nazionali a squadre"]
[Site "Arvier ITA"]
[Date "2008.05.03"]
[Round "4"]
[White "Voicu, Joan Paul"]
[Black "Zanatta, Federico"]
[Result "1-0"]
[WhiteElo "2143"]
[BlackElo "2030"]
[PlyCount "85"]
[EventDate "2008.05.02"]

1. Nf3 Nf6 2. d4 d6 3. c4 g6 4. Nc3 Bg7 5. e4 O-O 6. Be2 Nbd7 7. O-O c5 8. d5
a6 9. a4 Rb8 10. h3 Ne8 11. Be3 Nc7 12. Qd2 Re8 13. Rad1 b6 14. Nh2 Nf6 15. f4
Nd7 16. Nf3 Nf8 17. Bd3 Bd7 18. f5 b5 19. Ng5 f6 20. Ne6 Bxe6 21. dxe6 b4 22.
Ne2 g5 23. h4 h6 24. Kf2 Nfxe6 25. fxe6 Nxe6 26. hxg5 hxg5 27. Rh1 Kf7 28. Ng3
Qd7 29. e5 Rh8 30. Bf5 Qc6 31. exd6 Rxh1 32. Rxh1 exd6 33. Rh7 Nf8 34. Rh1 Ne6
35. Rd1 Bf8 36. b3 Ng7 37. Be4 Qc8 38. Qd3 Ke8 39. Bg6+ Kd8 40. Qd5 Kc7 41. Ne4
Qg4 42. Nxd6 Qh4+ 43. Kg1 1-0

[Event "II C.to Italiano Serie Nazionali a squadre"]
[Site "Arvier ITA"]
[Date "2008.05.03"]
[Round "4"]
[White "Zamengo, Bruno"]
[Black "Crepaldi, Marco"]
[Result "1-0"]
[WhiteElo "1650"]
[BlackElo "1850"]
[PlyCount "63"]
[EventDate "2008.05.02"]

1. e4 c5 2. Nf3 d6 3. d4 cxd4 4. Nxd4 Nf6 5. Nc3 a6 6. f3 e5 7. Nb3 Be6 8. Be3
Nbd7 9. Qd2 Be7 10. g4 Nb6 11. O-O-O Qc7 12. Kb1 Rc8 13. Qf2 Nfd7 14. Nd5 Bxd5
15. exd5 Bh4 16. Qg2 Na4 17. Bd3 Be7 18. g5 b5 19. Rhe1 Nac5 20. Nxc5 Nxc5 21.
Bf5 Rb8 22. f4 g6 23. Bg4 f5 24. gxf6 Bxf6 25. Qg1 Na4 26. fxe5 Bxe5 27. Bf4
O-O 28. Be6+ Kh8 29. Bxe5+ dxe5 30. d6 Qc6 31. Qg5 Rf2 32. Qxe5+ 1-0

[Event "II C.to Italiano Serie Nazionali a squadre"]
[Site "Arvier ITA"]
[Date "2008.05.03"]
[Round "4"]
[White "Zanin, Dario"]
[Black "Braga, Fernando Alberto"]
[Result "0-1"]
[WhiteElo "2026"]
[BlackElo "2428"]
[PlyCount "94"]
[EventDate "2008.05.02"]

1. e4 c5 2. Nf3 Nc6 3. d4 cxd4 4. Nxd4 Nf6 5. Nc3 d6 6. Be2 g6 7. Be3 Bg7 8.
O-O O-O 9. a4 Bd7 10. Nb3 Rc8 11. f3 Be6 12. Qd2 d5 13. exd5 Nxd5 14. Nxd5 Qxd5
15. Qxd5 Bxd5 16. c4 Be6 17. Rfd1 Bxb2 18. Rab1 Ba3 19. Bc5 Bxc5+ 20. Nxc5 b6
21. Nxe6 fxe6 22. Rd7 Rf5 23. Rb5 Kf7 24. Kf2 Ke8 25. Rd1 Na5 26. g4 Rxb5 27.
cxb5 Rc2 28. Ke3 Ra2 29. Rd4 Ra3+ 30. Kf4 Nb3 31. Rc4 Nc5 32. Bd1 h6 33. Bc2
g5+ 34. Kg3 e5 35. h4 Kd7 36. hxg5 hxg5 37. Kf2 Kd6 38. Bd1 Kd5 39. Rc2 e4 40.
fxe4+ Nxe4+ 41. Kg2 Rxa4 42. Rc7 Ra2+ 43. Kf3 Ra3+ 44. Kg2 Kd6 45. Rc6+ Ke5 46.
Bc2 Nd6 47. Rc7 e6 0-1

[Event "II C.to Italiano Serie Nazionali a squadre"]
[Site "Arvier ITA"]
[Date "2008.05.04"]
[Round "5"]
[White "Bortoletti, Filippo"]
[Black "Gallucci, Alessio"]
[Result "0-1"]
[WhiteElo "1503"]
[BlackElo "2175"]
[PlyCount "82"]
[EventDate "2008.05.02"]

1. d4 Nf6 2. c4 e6 3. Nf3 b6 4. a3 Bb7 5. Nc3 d5 6. e3 Be7 7. Qc2 O-O 8. cxd5
exd5 9. Bd3 c5 10. dxc5 bxc5 11. O-O Nbd7 12. e4 c4 13. Be2 Nxe4 14. Nxe4 dxe4
15. Nd2 Ne5 16. Nxe4 Qd5 17. Bf4 Nd3 18. Bf3 Nxf4 19. Nf6+ Bxf6 20. Bxd5 Bxd5
21. Qd2 Nd3 22. Rab1 Be4 23. h3 Rfd8 24. Qe2 Bg6 25. Rfd1 Rab8 26. g3 Re8 27.
Qd2 Nxb2 28. Re1 Bxb1 29. Rxb1 c3 30. Qc2 Rbd8 31. Qb3 g6 32. Rc1 Nd3 33. Rc2
Ne1 34. Rc1 c2 35. Kf1 Re6 36. Rxc2 Nxc2 37. Qxc2 Red6 38. Qc7 R6d7 39. Qc6 Bd4
40. a4 Bb6 41. h4 Rd2 0-1

[Event "II C.to Italiano Serie Nazionali a squadre"]
[Site "Arvier ITA"]
[Date "2008.05.04"]
[Round "5"]
[White "Buchicchio, Giampaolo"]
[Black "Corvi, Marco"]
[Result "1-0"]
[WhiteElo "2287"]
[BlackElo "2347"]
[PlyCount "53"]
[EventDate "2008.05.02"]

1. e4 Nf6 2. e5 Nd5 3. d4 d6 4. Nf3 Bg4 5. Be2 e6 6. O-O Be7 7. h3 Bh5 8. c4
Nb6 9. Nc3 d5 10. c5 Bxf3 11. Bxf3 Nc4 12. Be2 Nc6 13. b3 N4a5 14. Rb1 O-O 15.
Be3 Qd7 16. b4 Nc4 17. Bxc4 dxc4 18. Qa4 Rfd8 19. Rfd1 a6 20. f4 b5 21. cxb6
cxb6 22. b5 axb5 23. Qxb5 Ra3 24. d5 Nxe5 25. d6 Bh4 26. Qb4 Rxc3 27. Qxc3 {
...} 1-0

[Event "II C.to Italiano Serie Nazionali a squadre"]
[Site "Arvier ITA"]
[Date "2008.05.04"]
[Round "5"]
[White "Bussa, Paolo"]
[Black "Zamengo, Bruno"]
[Result "1-0"]
[WhiteElo "1903"]
[BlackElo "1650"]
[PlyCount "77"]
[EventDate "2008.05.02"]

1. Nf3 e6 2. d3 Nf6 3. e4 d5 4. Nbd2 c5 5. g3 b6 6. Qe2 Be7 7. Bg2 Bb7 8. e5
Nfd7 9. O-O O-O 10. Re1 Nc6 11. Nf1 Rc8 12. h4 a6 13. N1h2 b5 14. Bg5 d4 15.
Qe4 Ba8 16. Qg4 Qc7 17. Bh6 g6 18. Bxf8 Bxf8 19. Qf4 Bg7 20. Ng4 Rf8 21. Qg5
Nb4 22. Re2 Nd5 23. Rae1 h5 24. Ngh2 Kh7 25. Qd2 Ne7 26. Ng5+ Kg8 27. Bxa8 Rxa8
28. g4 Nc6 29. gxh5 gxh5 30. f4 Nf8 31. Rg2 c4 32. Qe2 Ne7 33. Qxh5 Nd5 34. Rf1
Ne3 35. Ne4 Ng6 36. Nf6+ Kf8 37. Qh7 Qb7 38. Rxg6 Bxf6 39. exf6 1-0

[Event "II C.to Italiano Serie Nazionali a squadre"]
[Site "Arvier ITA"]
[Date "2008.05.04"]
[Round "5"]
[White "Favoni, Matteo"]
[Black "Farachi, Francesco"]
[Result "1-0"]
[WhiteElo "1912"]
[BlackElo "2103"]
[PlyCount "99"]
[EventDate "2008.05.02"]

1. d4 Nf6 2. c4 e6 3. Nf3 c5 4. d5 exd5 5. cxd5 d6 6. Nc3 Be7 7. e4 O-O 8. Be2
a6 9. a4 Nbd7 10. O-O Re8 11. a5 Nf8 12. Nd2 Ng6 13. f4 Nd7 14. Nc4 b5 15. axb6
Nxb6 16. Na5 Bf6 17. Nc6 Qc7 18. Bf3 Bb7 19. e5 Bxc6 20. exf6 Bb5 21. Nxb5 axb5
22. Rxa8 Rxa8 23. fxg7 Kxg7 24. f5 Ne5 25. Qd2 Kf8 26. Qh6+ Ke8 27. Qxh7 Kd7
28. Bh5 Kc8 29. Bf4 Nd3 30. Qg8+ Kb7 31. Qxf7 Nxb2 32. Bxd6 Qxf7 33. Bxf7 c4
34. Be6 c3 35. Be5 b4 36. f6 N2c4 37. Bd4 Nd2 38. Re1 Kc7 39. f7 c2 40. Be5+
Kb7 41. d6 Ndc4 42. Bg7 b3 43. Bg4 Ne3 44. Bf3+ Nbd5 45. Be4 Kc6 46. f8=Q Rxf8
47. Bxf8 Nd1 48. Bxd5+ Kd7 49. Be6+ Kd8 50. Bh6 1-0

[Event "II C.to Italiano Serie Nazionali a squadre"]
[Site "Arvier ITA"]
[Date "2008.05.04"]
[Round "5"]
[White "Gallana, Marco"]
[Black "Barletta, Mauro"]
[Result "0-1"]
[WhiteElo "1960"]
[BlackElo "2205"]
[PlyCount "54"]
[EventDate "2008.05.02"]

1. d4 d5 2. c4 e6 3. Nc3 Nf6 4. Bg5 Nbd7 5. e3 c6 6. cxd5 exd5 7. Qc2 Be7 8.
Bd3 Nh5 9. Bxe7 Qxe7 10. Nge2 g6 11. O-O Ndf6 12. Rfe1 O-O 13. Rab1 Bd7 14. b4
Rfe8 15. b5 Ng4 16. Ng3 Nxg3 17. hxg3 Qg5 18. Qe2 Qh5 19. Qf3 Re6 20. bxc6 bxc6
21. Qf4 Rf6 22. Rb8+ Rxb8 23. Qxb8+ Kg7 24. f3 Qh2+ 25. Kf1 Rxf3+ 26. Ke2 Qxg2+
27. Kd1 Nf2+ 0-1

[Event "II C.to Italiano Serie Nazionali a squadre"]
[Site "Arvier ITA"]
[Date "2008.05.04"]
[Round "5"]
[White "Lantini, Marco"]
[Black "Bruno, Fabio"]
[Result "1/2-1/2"]
[WhiteElo "2244"]
[BlackElo "2450"]
[PlyCount "23"]
[EventDate "2008.05.02"]

1. d4 d5 2. c4 c6 3. Nf3 Nf6 4. Qc2 e6 5. Nbd2 Nbd7 6. g3 Bd6 7. Bg2 O-O 8. O-O
Re8 9. b3 e5 10. cxd5 cxd5 11. dxe5 Nxe5 12. Bb2 1/2-1/2

[Event "II C.to Italiano Serie Nazionali a squadre"]
[Site "Arvier ITA"]
[Date "2008.05.04"]
[Round "5"]
[White "Pulito, Alberto"]
[Black "Fontana, Enrico"]
[Result "1-0"]
[WhiteElo "2261"]
[BlackElo "2118"]
[PlyCount "103"]
[EventDate "2008.05.02"]

1. e4 c5 2. c3 Nf6 3. e5 Nd5 4. d4 cxd4 5. Nf3 e6 6. cxd4 b6 7. Nc3 Nxc3 8.
bxc3 Qc7 9. Bd2 Bb7 10. Bd3 d6 11. O-O Nd7 12. Qe2 dxe5 13. Nxe5 Nxe5 14. dxe5
Be7 15. Rae1 g6 16. Kh1 O-O-O 17. Be4 Bxe4 18. Qxe4 Kb8 19. Qf3 Bf8 20. Bg5 Be7
21. Be3 Ba3 22. c4 Qb7 23. Qg3 Rd3 24. Qh4 Rc8 25. Qxh7 Rxc4 26. Rd1 Rxd1 27.
Rxd1 Qe7 28. Qh3 Bc5 29. Qf3 Bxe3 30. Qxe3 Qc5 31. Qd3 Rc1 32. Qd8+ Kb7 33.
Qd7+ Qc7 34. Qxc7+ Rxc7 35. h4 Kc8 36. Rd2 Rc4 37. g3 a5 38. Kg2 Kc7 39. f4 b5
40. Kf3 Rc3+ 41. Kg4 b4 42. Kg5 Rxg3+ 43. Kf6 Rf3 44. Kxf7 Rxf4+ 45. Kxe6 Rxh4
46. Kf7 Re4 47. e6 Kc6 48. Rg2 a4 49. e7 Kd5 50. Rg5+ Kc4 51. Rg4 Rxg4 52. e8=Q
1-0

[Event "II C.to Italiano Serie Nazionali a squadre"]
[Site "Arvier ITA"]
[Date "2008.05.04"]
[Round "5"]
[White "Rotoni, Fabrizio"]
[Black "Antonelli, Fabrizio"]
[Result "1/2-1/2"]
[WhiteElo "2047"]
[BlackElo "2035"]
[PlyCount "20"]
[EventDate "2008.05.02"]

1. d4 Nf6 2. Bf4 d5 3. e3 e6 4. Nf3 Bd6 5. Bg3 O-O 6. Bd3 Qe7 7. Nbd2 Nbd7 8.
Ne5 c5 9. c3 Re8 10. O-O Nf8 1/2-1/2

[Event "II C.to Italiano Serie Nazionali a squadre"]
[Site "Arvier ITA"]
[Date "2008.05.04"]
[Round "5"]
[White "Sorcinelli, Francesco"]
[Black "Zanatta, Federico"]
[Result "1-0"]
[WhiteElo "2078"]
[BlackElo "2030"]
[PlyCount "65"]
[EventDate "2008.05.02"]

1. e4 e5 2. f4 exf4 3. Bc4 Nf6 4. Nc3 d6 5. Nf3 Be7 6. O-O O-O 7. d4 Nxe4 8.
Nxe4 d5 9. Bd3 dxe4 10. Bxe4 f5 11. Bd3 g5 12. h4 g4 13. Bc4+ Kg7 14. Ne5 Nc6
15. Nxc6 bxc6 16. Bxf4 Bxh4 17. Qd2 Kg6 18. c3 Bg5 19. Rae1 h6 20. Qc2 Re8 21.
Bxc7 Qd7 22. Be5 a5 23. Rxf5 Qxf5 24. Bd3 Ra7 25. Bxf5+ Bxf5 26. Qa4 Re6 27.
Qa3 h5 28. Qf8 Ree7 29. Rf1 Be6 30. Bf4 Bxf4 31. Rxf4 Rf7 32. Qe8 Bd5 33. c4
1-0

[Event "II C.to Italiano Serie Nazionali a squadre"]
[Site "Arvier ITA"]
[Date "2008.05.04"]
[Round "5"]
[White "Torriano, Enzo"]
[Black "Chiarion, Elisa"]
[Result "0-1"]
[WhiteElo "1541"]
[BlackElo "1897"]
[PlyCount "140"]
[EventDate "2008.05.02"]

1. e4 c5 2. c3 d5 3. exd5 Qxd5 4. d4 g6 5. Nf3 Bg7 6. Be3 cxd4 7. Bxd4 Nf6 8.
Qa4+ Bd7 9. Qc4 Qxc4 10. Bxc4 Nc6 11. Nbd2 Nxd4 12. Nxd4 O-O 13. O-O a6 14.
Rfe1 Rac8 15. Rxe7 Bh6 16. N4f3 Bc6 17. Bb3 Rcd8 18. Nf1 Nd5 19. Bxd5 Bxd5 20.
Nd4 Bg5 21. Ree1 b6 22. Ne3 Ba8 23. Nc4 b5 24. Ne5 Rd5 25. Nec6 Rd6 26. Ne5
Rfd8 27. Re2 Bf6 28. Rae1 h6 29. Kf1 Kg7 30. g3 Bb7 31. Nef3 Bc8 32. Re8 Bh3+
33. Kg1 R8d7 34. Rb8 Rd8 35. Re8 Rxe8 36. Rxe8 b4 37. Re3 g5 38. Ne5 bxc3 39.
bxc3 Rb6 40. f4 Rb1+ 41. Kf2 Rf1+ 42. Ke2 Ra1 43. Kd3 Rxa2 44. c4 Rxh2 45. c5
Bc8 46. c6 Rh1 47. Kc4 Rd1 48. Rb3 Rc1+ 49. Kd5 Be7 50. Rb8 Bh3 51. Ke4 Bg2+
52. Ke3 gxf4+ 53. gxf4 h5 54. Nf5+ Kf6 55. Nxe7 Kxe7 56. Rb6 a5 57. Nf3 Rc3+
58. Kd4 Rxf3 59. Rb7+ Ke6 60. Ra7 a4 61. c7 Kd7 62. c8=Q+ Kxc8 63. Rxf7 h4 64.
Rh7 Rxf4+ 65. Kc3 h3 66. Kb2 Rf3 67. Ka2 Bf1 68. Kb2 a3+ 69. Ka2 Bc4+ 70. Ka1
Rf1# 0-1

[Event "II C.to Italiano Serie Nazionali a squadre"]
[Site "Arvier ITA"]
[Date "2008.05.04"]
[Round "5"]
[White "Voicu, Joan Paul"]
[Black "Shytaj, Carlo"]
[Result "1/2-1/2"]
[WhiteElo "2143"]
[BlackElo "2212"]
[PlyCount "24"]
[EventDate "2008.05.02"]

1. e4 e5 2. Nf3 Nc6 3. Nc3 Nf6 4. Bb5 Bb4 5. O-O O-O 6. d3 d6 7. Bxc6 bxc6 8.
h3 h6 9. a3 Bxc3 10. bxc3 Be6 11. c4 Rb8 12. Be3 c5 1/2-1/2